Statistiques concernant Films avec Delphine Seyrig par image

Cliquez ici pour prendre le quiz!

Statistiques générales

  • Ce quiz a été pris 9 fois
  • Le résultat moyen est 7 sur 16

Statistiques - réponses

Réponse% Correct
Jeanne Dielman, 23, quai du commerce, 1080 Bruxelles
89%
L'Année Dernière à Marienbad
89%
Peau d'âne
89%
Le Charme discret de la bourgeoisie
78%
Les Lèvres Rouges
78%
Baisers volés
67%
India Song
67%
Muriel ou le Temps d'un retour
44%
Aloïse
22%
Golden Eighties
22%
La Voie Lactée
22%
Accident
11%
Baxter, Vera Baxter
11%
Mister Freedom
11%
Johanna D'Arc of Mongolia
0%
Pull My Daisy
0%

Distribution des résultats

Percentile par nombre de réponses

% des personnes avec chaque résultat

Votre développement - résultats

Vous n’avez pas pris ce quiz